| 000 | 00478nam a2200169Ia 4500 | ||
|---|---|---|---|
| 008 | 240729s9999 xx 000 0 und d | ||
| 022 | _a2252-0554 | ||
| 245 | 0 | _aIranian Journal of Veterinary Medicine | |
| 260 | _aIran, Islamic Republic of | ||
| 260 | _bUniversity of Tehran | ||
| 650 | _a Animal culture | ||
| 650 | _a Veterinary medicine | ||
| 650 | _aAgriculture | ||
| 856 | _uhttps://doaj.org/toc/659eec8d3d7846b2af399449ed9900fa | ||
| 942 | _2ddc | ||
| 942 | _cDOAJEJ | ||
| 999 |
_c69793 _d69793 |
||
| 945 |
_a1 _bMadushi Gamage _c1 _dMadushi Gamage |
||